[Event "DRUGA LIGA CENTRALNE SRBIJE 2013 - Istok"]
[Site "Zajecar"]
[Date "2013.10.12"]
[Round "4.51"]
[White "Trailovic, Mile"]
[Black "Delchev, Aleksander"]
[Result "0-1"]
[WhiteElo "2149"]
[BlackElo "2643"]
[PlyCount "0"]
[EventDate "2013.10.10"]

1.e4 c5 2.Nc3 Nc6 3.g3 g6 4.Bg2 Bg7 5.Nge2 Rb8 6.O-O b5 7.d3
d6 8.h3 b4 9.Nb1 e6 10.Nd2 Nge7 11.f4 O-O 12.Kh2 a5 13.Nf3 f5
14.g4 Qc7 15.Rb1 Nd4 16.Nfxd4 cxd4 17.Ng3 Rb5 18.Rf2 Rc5 19.Bf3
Bd7 20.Qd2 Bh6 21.exf5 exf5 22.g5 Bg7 23.a3 Rc8 24.Bd1 Nd5 25.axb4
axb4 26.Nf1 Qa7 27.Qe1 Qa2 28.Nd2 Ne3 29.c4 Re8 30.Re2 h6 31.Bb3
Qa8 32.gxh6 Bxh6 33.Qf2 Bxf4+ 34.Kg1 Bh6 35.Nf3 f4 36.Bd2 Rh5
37.Bxe3 dxe3 38.Qg2 Kh7 39.h4 Bc6 40.Rf1 Rxh4 41.d4 Be4 42.Bc2
Rh5 43.Bxe4 Qxe4 44.Qg4 Qf5 45.Rg2 Qxg4 46.Rxg4 Ra5 47.Re1 b3
48.Kf1 Rc8 49.Rc1 Rca8 50.Ke2 Ra2 51.Rb1 Ra1 52.Rgg1 Rxb1 53.Rxb1
g5 54.Nh2 Kg6 55.Kd3 Kf5 56.Rg1 Bg7 57.Ng4 Rh8 58.Rg2 Rh4 59.Nh2
g4 60.Nf1 Rh1 61.Nh2 Rd1+ 62.Kc3 Bxd4+ 63.Kxb3 Rd2 0-1

[Event "DRUGA LIGA CENTRALNE SRBIJE 2013 - Istok"]
[Site "Zajecar"]
[Date "2013.10.12"]
[Round "4.52"]
[White "Mincic, Srbislav"]
[Black "Vlajic, Sasa"]
[Result "1-0"]
[WhiteElo "2244"]
[BlackElo "2160"]
[PlyCount "0"]
[EventDate "2013.10.10"]

1.e4 d5 2.d3 dxe4 3.dxe4 Qxd1+ 4.Kxd1 e5 5.Be3 Nf6 6.f3 Be6 7.Nd2
Nfd7 8.c3 a5 9.Kc2 Be7 10.g3 c6 11.Bh3 Bxh3 12.Nxh3 Na6 13.Rad1
b5 14.Nb3 Nac5 15.Nxc5 Nxc5 16.Nf2 Nd7 17.Rd2 O-O-O 18.Nd3 Kc7
19.Ra1 c5 20.a4 c4 21.Nf2 b4 22.cxb4 axb4 23.Rd5 Kc6 24.Rad1
f6 25.b3 c3 26.Nd3 Rb8 27.Nxb4+ Bxb4 28.Rxd7 Rhg8 29.R1d5 h5
30.Bf2 g6 31.Be1 1-0

[Event "DRUGA LIGA CENTRALNE SRBIJE 2013 - Istok"]
[Site "Zajecar"]
[Date "2013.10.12"]
[Round "4.53"]
[White "Tosic, Branislav"]
[Black "Trickovic, Borivoje"]
[Result "1-0"]
[WhiteElo "2248"]
[BlackElo "2259"]
[PlyCount "0"]
[EventDate "2013.10.10"]

1.Nf3 d6 2.d4 Bg4 3.c4 Bxf3 4.exf3 Nd7 5.f4 g6 6.Nc3 Bg7 7.Be3
Ngf6 8.Be2 c6 9.Qc2 Qa5 10.a3 a6 11.b4 Qc7 12.O-O O-O 13.f5 e6
14.fxe6 fxe6 15.f4 Rae8 16.Rae1 Bh6 17.g4 e5 18.dxe5 Rxe5 19.Qd2
Ne4 20.Qd3 Nxc3 21.fxe5 Nxe2+ 22.Qxe2 Rxf1+ 23.Rxf1 Bxe3+ 24.Qxe3
Nxe5 25.c5 d5 26.Re1 Nf7 27.Qe6 Kg7 28.Rf1 Kg8 29.Kg2 Kg7 30.h4
d4 31.h5 Ne5 32.Qf6+ Kh6 1-0

[Event "DRUGA LIGA CENTRALNE SRBIJE 2013 - Istok"]
[Site "Zajecar"]
[Date "2013.10.12"]
[Round "4.54"]
[White "Dimitrijevic, Dusan *"]
[Black "Devetak, Dusan"]
[Result "1-0"]
[WhiteElo "2048"]
[BlackElo "2147"]
[PlyCount "0"]
[EventDate "2013.10.10"]

1.d4 Nf6 2.c4 g6 3.Nc3 Bg7 4.e4 d6 5.h3 c6 6.Bg5 Qa5 7.Qd2 Nbd7
8.Nf3 O-O 9.Be2 Re8 10.O-O e5 11.d5 cxd5 12.cxd5 a6 13.Rab1 b5
14.b4 Qb6 15.Be3 Qb7 16.a4 bxa4 17.Qc2 Nb6 18.b5 a5 19.Nxa4 Nxa4
20.Qxa4 Bd7 21.Nd2 Rab8 22.Rfc1 Bf8 23.Qa3 Be7 24.b6 Rec8 25.f3
Rxc1+ 26.Rxc1 Ne8 27.Nc4 Bb5 28.Rb1 Bxc4 29.Bxc4 Bd8 30.Kh2 1-0

[Event "DRUGA LIGA CENTRALNE SRBIJE 2013 - Istok"]
[Site "Zajecar"]
[Date "2013.10.12"]
[Round "4.55"]
[White "Dragic, Vladimir"]
[Black "Kostic, Aleksandar"]
[Result "1-0"]
[WhiteElo "2145"]
[BlackElo "1982"]
[PlyCount "0"]
[EventDate "2013.10.10"]

1.d4 d5 2.Bg5 Nf6 3.Bxf6 exf6 4.e3 Bf5 5.Nd2 Be7 6.g3 O-O 7.Bg2
c6 8.Ne2 Qb6 9.Qc1 Na6 10.a3 Rfe8 11.O-O Rad8 12.b4 Nc7 13.Nb3
a6 14.Rd1 Nb5 15.Na5 Nd6 16.Nf4 Qc7 17.Nb3 Ra8 18.Nd3 Bf8 19.Nb2
Rab8 20.Nc5 Ne4 21.c4 dxc4 22.Nxc4 Rbd8 23.Qb2 Qc8 24.Rac1 Ng5
25.h4 Ne4 26.Nxe4 Bxe4 27.Bxe4 Rxe4 28.Na5 Bd6 29.d5 Qh3 30.f3
Qxg3+ 31.Qg2 Qxg2+ 32.Kxg2 Rxe3 33.Nxb7 Rd7 34.dxc6 Rc7 35.Rxd6
h6 36.Rd7 1-0

[Event "DRUGA LIGA CENTRALNE SRBIJE 2013 - Istok"]
[Site "Zajecar"]
[Date "2013.10.12"]
[Round "4.56"]
[White "Randjelovic, Boban"]
[Black "Floricelovic, Milos *"]
[Result "0-1"]
[WhiteElo "2121"]
[BlackElo "2042"]
[PlyCount "0"]
[EventDate "2013.10.10"]

1.c4 e6 2.g3 d5 3.cxd5 exd5 4.Bg2 c6 5.Nf3 Nf6 6.O-O Be7 7.b3
O-O 8.Bb2 Re8 9.d3 Nbd7 10.Nbd2 Nf8 11.e4 Bg4 12.e5 N6d7 13.d4
a5 14.Rc1 Nb6 15.h3 Bh5 16.a3 Ne6 17.Qe1 Bg6 18.Qe3 Rc8 19.Ne1
c5 20.Nc2 c4 21.bxc4 Nxc4 22.Nxc4 Rxc4 23.Qd2 Qd7 24.Ne3 Rxc1
25.Rxc1 Be4 26.f3 Bg6 27.f4 Be4 28.Qxa5 Rc8 29.Bxe4 Rxc1+ 30.Bxc1
dxe4 31.d5 Nd4 32.Bd2 Qxh3 33.Nf1 Qg4 34.Qa4 Ne2+ 35.Kf2 Qf3+
36.Ke1 Ng1 37.Qb5 Qxa3 38.d6 Nf3+ 39.Kf2 Nxd2 40.dxe7 e3+ 41.Nxe3
Qxe7 42.Nd5 Qd8 43.Qxb7 Ne4+ 44.Ke3 Nxg3 45.Kf3 Nf5 46.Ke4 g6
47.Nf6+ Kg7 48.Nd5 Qe8 49.Qa6 Ng3+ 50.Kf3 Nh5 51.Qb7 Qe6 52.Ne7
Qh3+ 53.Kf2 Qg3+ 54.Kf1 0-1

[Event "DRUGA LIGA CENTRALNE SRBIJE 2013 - Istok"]
[Site "Zajecar"]
[Date "2013.10.12"]
[Round "4.64"]
[White "Vranjanac, Cedomir"]
[Black "Jakovljevic, Dejan"]
[Result "0-1"]
[WhiteElo "1825"]
[BlackElo "1940"]
[PlyCount "0"]
[EventDate "2013.10.10"]

1.e4 e6 2.d4 d5 3.Nc3 Bb4 4.e5 c5 5.Qg4 Ne7 6.Bb5+ Bd7 7.Bxd7+
Qxd7 8.Nge2 Nbc6 9.Be3 Nf5 10.O-O cxd4 11.Bxd4 O-O 12.Nb5 a6
13.c3 axb5 14.cxb4 Nfxd4 15.Nxd4 Nxe5 16.Qe2 Nc4 17.b3 Nd6 18.Rfc1
Rfc8 19.Rc5 b6 20.Rcc1 Rxc1+ 21.Rxc1 Rc8 22.Rxc8+ Qxc8 23.f3
Qd7 24.Qc2 f6 25.h4 e5 26.Qc6 Qxc6 27.Nxc6 Kf7 28.a4 Ke6 29.Na7
Kd7 30.g4 Kc7 31.axb5 Kb7 32.Nc6 Nxb5 33.Nd8+ Ka6 34.Ne6 Nd4
35.Nxg7 Nxf3+ 36.Kf2 Nxh4 37.Nh5 Ng6 38.Nxf6 Ne7 39.Nxh7 Kb5
40.Nf6 d4 41.Kf3 Kc6 42.Ke4 Kd6 43.Ne8+ Kd7 44.Nf6+ Ke6 45.Ne8
Nc6 46.Nc7+ Kd6 47.Na8 b5 48.Nb6 Nxb4 49.Nc8+ Kd7 50.g5 Kxc8
51.Kxe5 d3 52.g6 Nc6+ 53.Kf6 Kd7 0-1